| 000 | 00630nam a2200253Ia 4500 | ||
|---|---|---|---|
| 008 | 210210b2008 xxu||||| |||| 00| 0 eng d | ||
| 020 | _a9780521682220 | ||
| 041 | _aeng | ||
| 082 | _a332.63 DALF | ||
| 100 | _aDALTON (Bill) | ||
| 245 | _aFinancial products: an introduction using mathematics and excel | ||
| 260 |
_aDelhi _bCambridge University Press _c2008 |
||
| 300 | _avi,399 | ||
| 650 | _ausing | ||
| 650 | _aproducts: | ||
| 650 | _amathematics | ||
| 650 | _aintroduction | ||
| 650 | _aFinancial | ||
| 650 | _aexcel | ||
| 650 | _aand | ||
| 650 | _aan | ||
| 690 | _aInvestment Management | ||
| 906 | _a066037 | ||
| 999 |
_c146752 _d146752 |
||